| 000 | 00604nam a2200229Ia 4500 | ||
|---|---|---|---|
| 003 | OSt | ||
| 005 | 20221007074228.0 | ||
| 006 | a|||||r|||| 00| 0 | ||
| 007 | ta | ||
| 008 | 221006b |||||||| |||| 00| 0 eng d | ||
| 024 | _a12,237 | ||
| 037 | _cTextual | ||
| 040 |
_aFLL _cFLL _beng |
||
| 041 |
_2eng _aeng |
||
| 082 | _aV58:12, M3 | ||
| 100 |
_aBarmenkov A. _9692761 |
||
| 245 | 0 | _aFreedom of conscience in the USSR | |
| 260 |
_aMoscow _bProgress Publishers Moscow _c1983 |
||
| 300 |
_a180p _ccm. |
||
| 942 |
_hV58:12, M3 _cTEXL _2CC |
||
| 999 |
_c1151615 _d1151615 |
||